Theologie und Philosophie: Ihr Verhaltnis im Lichte ihrer gemeinsamen Geschichte

Gardado en:
Detalles Bibliográficos
Autor Principal: Pannenberg, Wolfhart (verfasser)
Formato: Libro
Idioma:alemán
Publicado: Gotinga Vandenhoeck und Ruprecht 1996
Edición:1a. ed
Series:UTB, 1925
Subjects:
Tags: Engadir etiqueta
Sen Etiquetas, Sexa o primeiro en etiquetar este rexistro!

MARC

LEADER 00000cam a2200000 a 4500
001 UCE7884
003 CL-VaPUC
008 150710e19960000gw |||||||||||||||||ger|d
020 |a 3525032900 
082 0 4 |a 230  |b PAN  |2 21 
100 |a Pannenberg, Wolfhart  |e verfasser  |9 580528 
245 1 0 |a Theologie und Philosophie: Ihr Verhaltnis im Lichte ihrer gemeinsamen Geschichte 
250 |a 1a. ed 
300 |a 367 p 
942 |c BK 
945 |d 20150710 13:45:00  |a dcastane 
260 |a Gotinga  |b Vandenhoeck und Ruprecht  |c 1996 
650 0 |a Teología   |9 258766 
650 0 |a Filosofía cristiana   |9 265980 
650 0 |a Cristianismo  |9 257361 
583 |a last modification  |c 20150710 13:45:00  |k Rodrigo Vera 
490 0 |a UTB, 1925 
999 |c 359870  |d 359868 
952 |0 0  |1 0  |3 erb  |4 0  |6 230_000000000000000_PAN_1996  |7 0  |8 A  |9 469458  |a BIBTEO  |b BIBTEO  |e Casale Rolle, Carlos Ignacio, -2014  |i 518343K  |o 230 PAN 1996  |p 518343K  |r 2025-01-17  |w 2019-11-23  |y BK  |z Catalogado en:20150710  |k ICR